Nem akart az amerikai filmgyártás napszámosa lenni "Párizsban szerettem volna dolgozni ..."

Podrobná bibliografia
Hlavní autori: Szabó, László G., 1955- (Autor, Tazateľ), Končalovskij, Andrej Sergejevič, 1937- (Autor)
Médium: Článok
Jazyk:maďarčina
Fyzický popis:Fotogr.
Predmet:

MARC

LEADER 00000nab a2200000 a 4500
001 vtls001493386
003 SK-MaSNL
005 20260318133052.0
008 160321c20050205xo |||||| | 000 b|hun
015 |a SNBRB2005/02  |2 snkbucl 
038 |a SNKBUCL 
040 |a DSZK  |b slo  |c DSZK  |e AACR2 
041 0 |a hun 
044 |a xo  |c SK 
080 |a 791.44.071.1  |2 UDC-MRF-SK2 
080 |a 929 Končalovskij, Andrej  |2 UDC-MRF-SK2 
100 1 |a Szabó, László G.,  |d 1955-  |4 ivr  |4 aut  |9 840019 
245 1 0 |a Nem akart az amerikai filmgyártás napszámosa lenni  |b "Párizsban szerettem volna dolgozni ..."  |c Szabó G. László, Andrej Mihalkov-Koncsalovszkij 
300 |b Fotogr. 
600 1 7 |a Končalovskij, Andrej Sergejevič,  |d 1937-  |2 snkbucl  |9 110182 
700 1 |a Končalovskij, Andrej Sergejevič,  |d 1937-  |4 ive  |4 aut  |9 110182 
773 0 |t Új szó  |g Évf. 58, sz. 29 (5.2.2005), o. 9 
852 |a SNK  |b KIS3GCP 
852 |a DSZK  |b KIS3GCP 
958 |a BC 
958 |a RU 
999 |c 2182435  |d 2184365